• 首页
  • 本馆介绍
  • 公告通知
  • 最新文献
  • 馆藏检索
  • 电子资源
  • 读者导购
  • 参考咨询
  • 我的图书馆
  • 登录
  • 详细信息显示
  • 放入我的书架
  • 预约/预借图书
  • 作者相关作品
  • 分类相关作品
  • 丛书相关作品
  • 出版社相关作品

书目信息

  • 表格格式
  • 工作单格式
  • 卡片格式
题名:
绕来绕去的向量法
    
 
作者: 张景中 , 彭翕成 著
分册:  
出版信息: 武汉   湖北科学技术出版社  2016
页数: 284页
开本: 24cm
丛书名: 张景中科普文集
单 册:
中图分类: O183.1 , O183.1-49
科图分类:
主题词: 向量--Xiangliang--普及读物
电子资源:
ISBN: 978-7-5352-7233-1
000 00907nam0 2200265 450
001 941
005 20161114091519.95
010    @a978-7-5352-7233-1@dCNY38.00
100    @a20160401d2016 em y0chiy0110 ea
101 0  @achi
102    @aCN@b420000
105    @ay z 000yy
200 1  @a绕来绕去的向量法@9Raolairaoqudexiangliangfa@f张景中, 彭翕成著
210    @a武汉@c湖北科学技术出版社@d2016
215    @a284页@d24cm
225 2  @a张景中科普文集@9Zhangjingzhongkepuwenji@e珍藏版@v5
330    @a本书论述用向量解几何问题的方法,特别是回路法。从头开始,由易至难,以简驭繁,旁及复数法、解析法和质点法解题要领。
461  0 @12001 @a张景中科普文集
606 0  @a向量@9Xiangliang@j普及读物
690    @aO183.1@v5
690    @aO183.1-49@v4
701  0 @a张景中@9Zhangjingzhong@4著
701  0 @a彭翕成@9Pengxicheng@4著
801  0 @aCN@b大连网信软件有限公司图书馆·11@c20161114
905    @aZUCC@dO183.1@e9
    
    绕来绕去的向量法/张景中, 彭翕成著.-武汉:湖北科学技术出版社,2016
    284页;24cm.-(张景中科普文集:珍藏版;5)
    
    
    ISBN 978-7-5352-7233-1:CNY38.00
    本书论述用向量解几何问题的方法,特别是回路法。从头开始,由易至难,以简驭繁,旁及复数法、解析法和质点法解题要领。
●
相关链接 在E读中查询图书 在五车中查询图书 在当当中查询图书 在豆瓣中查询图书


正题名:绕来绕去的向量法     索取号:O183.1/9         预约/预借

序号 登录号 条形码 馆藏地/架位号 状态 备注
1 907747   209077470   第二样本阅览室/ [索取号:O183.1/9] 在馆    
2 907748   209077489   第三借阅区/ [索取号:O183.1/9] 在馆    
3 907749   209077498   第三借阅区/ [索取号:O183.1/9] 在馆    
4 907750   209077504   第三借阅区/ [索取号:O183.1/9] 在馆    
5 907751   209077513   密集书库-数信学院/ [索取号:O183.1/9] 在馆    
唐山师范学院图书馆 欢迎您!
大连网信软件有限公司© 版权所有